LEADER 01240nam a2200289 i 4500 001 000000139382 003 CaOOAMICUS 005 20091201000000.0 008 091201s1995 it u000 u ita u 013 $a113415 020 $a88-7641-270-0 040 $aSeMil$bita 100 1 $aMilani, Lorenzo,$c.$0(OLS)http://semarc/name/17098 245 13$aLa ricreazione /$cDon Lorenzo Milani ; Introduzione di Goffredo Fofi. 260 $aRoma :$bEdizioni e/o,$c1995. 300 $a75 p. ;$c18 cm. 490 0 $aPiccola biblioteca morale ;$v3 650 4$aPedagogia pastorale.$0(OLS)http://semarc/subject/20943 650 4$aMilani, Lorenzo - Opere.$0(OLS)http://semarc/subject/44632 700 1 $aFofi, Goffredo,$d<1937-2025>.$0(OLS)http://semarc/name/10556 830 0$aPiccola biblioteca morale ;$v3.$0(OLS)http://semarc/title/401472 850 $aSeMil 852 $aSeMil$W1$xVenegono$y1$m2F I 407$j92791$B92791$CSeMilBibl$Z2$F98319 $81 961 $aOmaggio: Crippa don Franco 996 $6020$a88-7641-270-0$9(OLS)http://semarc/number/127394 996 $6245$aLa ricreazione$9(OLS)http://semarc/title/203654 996 $6260$aRoma :$bEdizioni e/o$9(OLS)http://semarc/publisher/33950 LEADER 01311nam a2200301 i 4500 001 000000069981 003 CaOOAMICUS 005 20040614000000.0 008 040614s1975 it u000 u ita u 013 $a41153 040 $aSeMil$bita 100 1 $aVenturi, Lionello.$0(OLS)http://semarc/name/22071 245 10$aCome si comprende la pittura :$bda Giotto a Chagall /$cLionello Venturi ; nota introduttiva di Maria Mimita Lamberti. 260 $aTorino :$bGiulio Einaudi,$ccopyr. 1975. 300 $aXXVIII, 183 p., [22] c. di tav. :$bill. ;$c22 cm. 490 0 $aSaggi ;$v554 500 $aFondo Ciprandi. 650 4$aArte - Critica.$0(OLS)http://semarc/subject/10402 650 4$aPittura - Comprensione - Studi.$0(OLS)http://semarc/subject/13919 650 4$aPittura - Apprezzamento.$0(OLS)http://semarc/subject/13920 700 1 $aLamberti, Maria Mimita.$0(OLS)http://semarc/name/34875 830 0$aSaggi ;$v554.$0(OLS)http://semarc/title/341 850 $aSeMil 852 $aSeMil$W1$xVenegono$y1$m5I VI 84$j36134$B36134$CSeMilBibl$Z2$F36137 $81 941 1 $a1 961 $aOmaggio: Ciprandi dott. Paolo 996 $6245$aCome si comprende la pittura :$bda Giotto a Chagall$9(OLS)http://semarc/title/112233 996 $6260$aTorino :$bGiulio Einaudi$9(OLS)http://semarc/publisher/29810